ধানসিড়ি নদীটির পাশে : জীবনানন্দ দাশের কবিতা অবলম্বনে /
| Altres autors: | , |
|---|---|
| Format: | Llibre |
| Idioma: | Multiple English Bengali |
| Publicat: |
ঢাকা :
মাওলা ব্রাদার্স,
২০০৪
|
| Matèries: | |
| Classic Catalogue: | View this record in Classic Catalogue |
| LEADER | 01306nam a22002537a 4500 | ||
|---|---|---|---|
| 001 | 10448 | ||
| 003 | BD-DhAAL | ||
| 005 | 20190313145945.0 | ||
| 008 | 130916s2004 bg a 000 0 mul | ||
| 999 | |c 13969 |d 13969 | ||
| 020 | |a 9844103967 | ||
| 040 | |a BD-DhAAL |c BD-DhAAL | ||
| 041 | |a eng |a ben | ||
| 082 | |a 891.4416 | ||
| 245 | |a ধানসিড়ি নদীটির পাশে : |b জীবনানন্দ দাশের কবিতা অবলম্বনে / |c পরিকল্পনা ও আলোকচিত্রি নওয়াজেশ আহমদ, অনুবাদ কারক ফকরুল আলম। | ||
| 260 | |a ঢাকা : |b মাওলা ব্রাদার্স, |c ২০০৪ | ||
| 300 | |a ১২৪ পৃষ্ঠা ; |b চিত্র ; |c ২৩ সে.মি. | ||
| 541 | |e 10448 | ||
| 600 | 1 | 0 | |a দাশ, জীবনানন্দ |d ১৮৯৯-১৯৫৪. |9 3090 |
| 700 | 1 | 0 | |a আলম, ফকরুল (অনুবাদক) |9 3091 |
| 700 | 1 | 0 | |a আহমদ, নওয়াজেশ (আলোকচিত্রি) |9 3092 |
| 852 | |a Ayesha Abed Library |c General Stacks | ||
| 942 | |2 ddc |c BK | ||
| 952 | |0 0 |1 0 |2 ddc |4 0 |6 891_441600000000000_DHA |7 0 |9 23404 |a BRACUL |b BRACUL |c GEN |d 2013-09-16 |l 0 |o 891.4416 DHA |p 3010010448 |r 2013-09-16 |t 1 |w 2013-09-16 |y BK | ||